00940nam a22002177a 4500003000900000008004100009020001800050040007100068082002000139100001900159245011000178260003700288300004500325440003800370505021600408650001600624650001200640650002200652650003000674700001800704AR-CdUCM190306b ||||| |||| 00| 0 spa d a92-806-3793-9 aMUNICIPALIDAD PROVINCIAL DEL CUSCOcBIBLIOTECA MUNICIPAL DEL CUSCO a370.117 /bAL36 aAlbó, Xavier aNiños alegres, libres, expresivos :bla audacia de la educación intercultural bilingüe en Bolivia / aLa Paz :bCIPCA,bUNICEF.c2003. a280 páginas ;bilustraciones ,c21 cm. aCuadernos de investigación.n58 aContenido: Los primeros pasos -- El PEIB -- La reforma educativa -- De proyecto a política de estado -- Los retos de sus ejecución -- Aprendiendo de éxitos y fracasos -- Una educación participativa ... aEducación aBolivia aInterculturalidad aEducación participativa aAnaya, Amalia